000 00243nam a2200097Ia 4500
008 190216s9999||||xx |||||||||||||| ||und||
100 _aDr.Kumar Vimal
245 0 _aHindi-Kavyanuseelam Adunik Athyadunik
260 _bJanapath Privt
942 _cBK
999 _c17757
_d17757